Football: Histoire de Ligue des champions - Statistiques

Statistiques générales
  • Ce quiz a été pris 248 fois
  • Le résultat moyen est 14 sur 21
Statistiques - réponses
Questions Réponses % Correct
Quel club a remporté le plus de Ligues des Champions ? Réal Madrid
100%
Quel club a remporté la première édition de la Ligue des Champions en 1956 ? Réal Madrid
100%
Quel club a remporté trois Ligues des Champions consécutives entre 2016 et 2018 ? Réal Madrid
100%
En 2013, quel club allemand a remporté la Ligue des Champions en battant son rival Borussia Dortmund en finale ? Bayern Munich
83%
Quel club a gagné la Ligue des Champions en 2021 en battant Manchester City en finale ? Chelsea
83%
Quel club anglais a remporté la Ligue des Champions en 1999 avec un doublé dans le temps additionnel en finale ? Manchester United
82%
Quel club a remporté la Ligue des Champions en 1993, devenant ainsi le premier et seul club français à l'avoir gagnée ? Olympique de Marseille
79%
Quel est le meilleur buteur de l'histoire de la Ligue des Champion ? Cristiano Ronaldo
78%
Quel club portugais a remporté la Ligue des Champions en 2004 sous la direction de José Mourinho ? FC Porto
76%
En 2005, Liverpool a remonté un score de 3-0 pour s'imposer aux tirs au but contre quel club ? AC Milan
74%
En 2006, quel club a battu Arsenal en finale pour remporter sa deuxième Ligue des Champions ? FC Barcelone
66%
Quel était le premier club français à atteindre une finale de Ligue des Champions ? Stade de Reims
64%
En 1997, quel club allemand a battu la Juventus en finale pour remporter sa première Ligue des Champions ? Borussia Dortmund
62%
Quel club a été finaliste malheureux à trois reprises en 2014, 2016 et 2022 sans jamais gagner la compétition ? Atlético Madrid
55%
En 2000, la finale de la Ligue des Champions opposait deux clubs du même pays pour la première fois. Le Réal Madrid et ? Valence
53%
Quel club a remporté la Ligue des Champions en 1991, devenant ainsi le seul club d'Europe de l'Est à l'avoir gagné sous ce format ? Etoile Rouge de Belgrade
48%
Où se jouera le finale de Ligue des Champions 2025 ? Munich
48%
Quel entraîneur détient le record du plus grand nombre de Ligues des Champions remportées en tant qu'entraîneur ? Carlo Ancelotti
39%
Quel joueur a marqué un triplé en finale de la Ligue des Champions 1960, un record encore inégalé ? Puskas
27%
Quel club a remporté la Ligue des Champions en 1986 en battant le FC Barcelone aux tirs au but ? Steaua Bucarest
27%
Quel joueur détient le record du plus grand nombre de Ligues des Champions remportées ( 6 avec le Réal Madrid) ? Paco Gento
16%
Aucun quiz correspondant
Distribution des résultats
% des personnes avec chaque résultat
Percentile par nombre de réponses
Votre historique - résultats
Vous n’avez pas pris ce quiz